000 00464nam a2200181Ia 4500
003 LK-CoDNM
008 010623t2008 xxu||||| |||| 00| 1 sin d
040 _aLK-CoDNM
_dLK-CoDNM
_eLK-CoDNM
041 _asin
080 _ax954.912HET
100 _aHettiarachchi,Nimal
245 _aඉතිහාසය සිතියම් පොත
246 _aItihasaya Sitiyam Potha
260 _b
_c2008
300 _b168p, 30 cm
650 _aHistory
942 _cBK
999 _c127538
_d127538